000 03731cam a22012014i 4500
003 PE-LiUPU
005 20250813185541.0
008 150616s r 000 0 d
020 _a8427703910
035 _a(Sirsi) i9788427703919
040 _aPE-LiUPU
_bspa
_cPE-LiUPU
_erda
049 _aPRUA
082 0 4 _a371.3
_bJ93g
_223
100 1 _aJuif, Paul,
_erec.,
_eautor.
245 1 0 _aGrandes orientaciones de la pedagogía contemporánea /
_c[recopilación] Paul Juif, Louis Legrand.. ; [traducción del francés de Mª Teresa Palacios].
264 1 _aMadrid :
_bEdiciones Narcea,
_c1980.
300 _a398 páginas :
_bilustraciones tablas ;
_c23 centímetros
336 _atext
_2rdacontent
337 _aunmediated
_2rdamedia
338 _avolume
_2rdacarrier
490 0 _aEducación Hoy
505 0 _aTRADICIÓN Y EDUCACIÓN NUEVA: --La tradición filosófica y cultural -- Educación nueva y métodos activos -- a) problemas generales -- b) La educación nueva ayer -- C) La educación nueva hoy -- EDUCACIÓN, PEDAGOGÍA Y PROBLEMAS DE NUESTRO TIEMPO :-- La exigencia de la libertad creadora -- a) La relación pedagógica y las pedagogías no-directivas -- b) La perspectiva institucional -- El claisser-fire y la no escuela -- LA EXIGENCIA DE TRABAJO EN GRUPO -- pedagogía y dinámica de grupo -- LA EXIGENCIA CIENTÍFICA -- La pluridisciplinariedad -- a) Psicoanálisis y educación -- b) Sociometría y educación -- c) Caractgeriología y educación -- d) Psicología aplicada y educación -- Psicología genética y educación -- Hacia una ciencia de la pedagogía -- a) la experimentación pedagógica -- b) La investigación pedagógica -- c) la ciencia de los exámenes -- LA EXIGENCIA DE JUSTICIA SOCIOCULTURAL Y DE DEMOCRATIZACIÓN: a) La escuela -- b) más allá de la escuela -- LA EXIGENCIA DE CUALIFICACIÓN Y DE FORMACIÓN DE PROFESORES.
526 _aP202
526 _aP201
526 _aP163
526 _aP162
526 _aP161
526 _aP160
526 _aP148
526 _aP147
526 _aP146
526 _aP145
526 _aP144
526 _aP143
526 _aP142
526 _aP141
526 _aP140
526 _aP139
526 _aP138
526 _aP137
526 _aP136
526 _aP135
526 _aP134
526 _aP133
526 _aP129
526 _aP128
526 _aP127
526 _aP120
526 _aP119
526 _aP118
526 _aP116
526 _aP115
526 _aP114
526 _aP110
526 _aP109
526 _aP108
526 _aP104
526 _aP103
526 _aP102
526 _aP99
526 _aP98
526 _aP97
526 _aP96
526 _aP95
526 _aP93
526 _aP90
526 _aP89
526 _aP88
526 _aP83
526 _aP82
526 _aP62
526 _aP59
526 _aP58
526 _aP57
526 _aP51
526 _aP49
526 _aP48
526 _aP47
526 _aP29
526 _aP24
526 _aP20
526 _aP19
526 _aP17
526 _aP15
526 _aP14
526 _aP12
526 _aP10
526 _aP09
526 _aP08
526 _aP07
526 _aP06
526 _aP05
526 _aP04
526 _aP01
650 0 4 _aEducación.
650 0 4 _aPedagogía.
700 1 _aLouis Legrand.
910 _ajck
942 _2ddc
_cBK
_n0
949 _a371.3 J93g
_wDEWEY
_c1
_i25055
_lCCODEBUL1
_mBUL
_r0
_sY
_tBOOK
_u2015-6-16
_xEDUCACION
_0COMPRA
_o.STAFF. Colección General
999 _c48187
_d48187
980 _81
_gALBERTO SANCHEZ Responsable de Automatización